00717nam a2200253 u 450000100070000000500170000700800410002403500110006504000130007604100080008908200080009710000400010524500820014526000430022730000130027065000230028365000180030665000410032465000330036565000130039865000320041150200120044352600080045565427420260506090328.0010324s2000 ||||||m| spa  a654274 ccomduadb aspa 4a62110aRios Duque, Liliana Maria4auteaut10aMedidor de flujo tipo turbina MFTT para vapor de agua : diseno y construccion aMedellín :b[sin publicador],c2000. a94 hojas aMedidores de flujo aVapor de agua aMFTT (Medidor de Flujo Tipo Turbina) aInstrumentación industrial aSensores 7aMecánica de fluidos2lemb b178c17 a180